|
|
|
|
| LEADER |
00000cam a2200000 i 4500 |
| 001 |
1/54393 |
| 008 |
070910s2006 gr | ||| |||| ||gre|| |
| 020 |
|
|
|a 9607233743
|
| 035 |
|
|
|l 10090561
|
| 040 |
|
|
|a GR-MY-UA
|b gre
|e aacr
|
| 041 |
0 |
|
|a gre
|
| 082 |
0 |
|
|a 889.1
|2 (22)
|
| 100 |
1 |
|
|a Καβάφης, Κωνσταντίνος Π.,
|d 1863-1933.
|
| 245 |
1 |
0 |
|a Ατελή ποιήματα :
|b 1918-1932 /
|c Κ. Π. Καβάφης ; φιλολογική έκδοση και σχόλια Renata Lavagnini
|
| 250 |
|
|
|a 2η έκδ.
|
| 260 |
|
|
|a [χ.τ.] :
|b Ίκαρος,
|c [2006]
|
| 300 |
|
|
|a π. 30, 347 σ.;
|b έγχρ. εικ.;
|c 25 εκ.
|
| 500 |
|
|
|a Το ίδιο ISBN υπάρχει (λανθασμένα) και στο βιβλίο με τίτλο Νίκος Χατζηκυριάκος-Γκίκας, Φωτογραφικές σημειώσεις, Ίκαρος, 1994
|
| 504 |
|
|
|a Περιλαμβάνει βιβλιογραφίες και ευρετήριο
|
| 505 |
0 |
|
|a Περιέχει πίνακες με φωτοαντίγραφα χειρογράφων του Κ. Π. Καβάφη
|
| 650 |
0 |
0 |
|a Greek poetry.
|
| 650 |
0 |
0 |
|a Greek poetry, Modern
|y 20th century.
|
| 700 |
1 |
|
|a Lavagnini, Renata,
|e oth
|
| 852 |
|
|
|a INST
|b RHODES
|e 20070910
|h 889.1 ΚΑΒ
|p 005400025864
|q 005400025864
|t BK
|y 0
|
| 901 |
|
|
|a BIBL4-2007-3
|
| 909 |
|
|
|a Ρ
|b 138556
|
| 922 |
|
|
|a 4ΕΛΗ
|b 200708
|c ΕΠΕΑΕΚ2/ΠΤΔΕ
|d Σ. ΠΑΤΑΚΗΣ
|
| 970 |
|
|
|a ΧΑΡΙΟΠΟΛΙΤΟΥ
|b ΚΩΝΣΤΑΝΤΙΝΑ
|z 2007/09/10
|